Statistics for NHL Players with 6 or more cups

Click here to take the quiz!

General Stats

  • This quiz has been taken 27 times
  • The average score is 10 of 24

Answer Stats

Team(s)CupsAnswer% Correct
EDM/NYR6Mark Messier
95%
MTL11Henri Richard
90%
MTL8Maurice Richard
90%
MTL6Larry Robinson
80%
MTL10Jean Beliveau
60%
MTL6Ken Dryden
60%
NYI/PIT6Bryan Trottier
55%
EDM/NYR6Glenn Anderson
55%
MTL7Serge Savard
50%
MTL8Yvan Cournoyer
50%
TOR/MTL6Frank Mahovlich
45%
MTL6Jacques Plante
45%
MTL6Bernie Geoffrion
40%
MTL6Doug Harvey
35%
DET/TOR8Red Kelly
35%
MTL6Guy Lapointe
30%
MTL8Jacques Lemaire
25%
MTL6Dickie Moore
20%
EDM/NYR6Kevin Lowe
20%
MTL9Claude Provost
10%
TOR/MTL6Dick Duff
0%
MTL7Jean-Guy Talbot
0%
MTL6Ralph Backstrom
0%
MTL6Tom Johnson
0%

Score Distribution

Percentile by Number Answered

Percent of People with Each Score

Your Score History

You have not taken this quiz